000
00463nam a2200169Ia 4500
008
090711s9999 xx 000 0 und d
082
_b
34073
100
_a
पै शिरीष
245
_a
एकतारी
260
_b
पॉप्युलर प्रकाशन
_c
1965
300
_a
88
600
_a
पै शिरीष
630
_a
एकतारी
700
_a
पै शिरीष
730
_a
एकतारी
942
_c
BOOK
999
_c
329530
_d
329530